LEADER 00851nas a2200229 i 4500 001 000000143699 003 CaOOAMICUS 005 20060808000000.0 008 051007b2005 xxcuu u0 0mul r 013 $a119057 040 $aSeMil$bita 245 10$a2005. 260 $aOttawa [Canada] :$bFaculté de Théologie, Université Saint-Paul,$ccopyr. 2005. 300 $a389 p. ;$c23 cm. 774 0 $tLay Contemplative = Contemplatif et laïc.$w()262726 774 0 $t[SENZA TITOLO].$w()263870 774 0 $t[SENZA TITOLO].$w()264312 850 $aSeMil 852 $aSeMil$W1$xVenegono$y1$m119 6 27$j96753$B96753$CSeMilBibl$Z2$F113454 $85 961 $aCambio: Scuola Cattolica 996 $6245$a2005$9(OLS)http://semarc/title/139783 996 $6260$aOttawa [Canada] :$bFaculté de Théologie, Université Saint-Paul$9(OLS)http://semarc/publisher/30623 LEADER 01358nam a2200289 i 4500 001 000000159193 003 CaOOAMICUS 005 20070220000000.0 008 070220s1978 it u000 u ita u 013 $a136556 040 $aSeMil$bita 100 1 $aSallustius Crispus, Gaius,$d<86-ca. 34 aC.>.$0(OLS)http://semarc/name/11692 245 13$aLa Congiura di Catilina /$cSallustio ; Traduzione di Alberto Chiari ; Introduzione, note, bibliografia, appendici, indici di Nicola Criniti. 260 $aMilano :$bRusconi,$c1978. 300 $a186 p., [16] p. di tav. :$bill. ;$c22 cm. 490 0 $aI classici di storia. Sezione greco-romana ;$v20 500 $aContiene : Bibliografia. - Fondo Card. Giovanni Colombo. 650 4$aRoma antica - Storia - Sec. 1. a. C.$0(OLS)http://semarc/subject/8274 700 1 $aCriniti, Nicola.$0(OLS)http://semarc/name/41713 700 1 $aChiari, Alberto,$d<1900-1998>.$0(OLS)http://semarc/name/1542 830 2$aI classici di storia. Sezione greco-romana ;$v20.$0(OLS)http://semarc/title/14169 850 $aSeMil 852 $aSeMil$W1$xVenegono$y1$m1O III 109$j110751$B110751$CSeMilBibl$Z2$F120400 $81 941 1 $a3 961 $aLascito: Colombo Card. Giovanni 996 $6245$aLa Congiura di Catilina$9(OLS)http://semarc/title/141019 996 $6260$aMilano :$bRusconi$9(OLS)http://semarc/publisher/30258 LEADER 01236nam a2200205 i 4500 001 000000032326 003 CaOOAMICUS 005 20180830125449.0 008 180830s1994 it u000 u ita u 040 $aSeMil$bita 245 10$aExultet :$brotolo ms. 724.3, secolo 12., Biblioteca Casanatense, Roma. 260 $aPavone Canavese (TO) :$bPriuli & Verlucca,$c1994. 300 $a1 rotolo :$binteramente ill. ;$c24x700 cm ca. + 2 v. [commentari] (111, 102 p.) :$bill. ;$c21 cm. 500 $aCopia numerata : 256 [di 500 + 33 esemplari in numerazione romana]. - In raccoglitore, 30x27x17 cm. - Titolo del raccoglitore. 650 4$aRoma - Biblioteca Casanatense - Manoscritti - Rotolo ms. 724/3.$0(OLS)http://semarc/subject/5189 774 0 $t[Exultet.$b[Riproduzione fac-simile].$dPavone Canavese (TO) : Priuli & Verlucca, 1994$w()244194 774 0 $tExultet.$dPavone Canavese (TO) : Priuli & Verlucca, 1994$g[Commentario1$w()244207 774 0 $tExultet.$dPavone Canavese (TO) : Priuli & Verlucca, 1994$g[Commentario2$w()244216 996 $6245$aExultet :$brotolo ms. 724.3, secolo 12., Biblioteca Casanatense, Roma$9(OLS)http://semarc/title/43860 996 $6260$aPavone Canavese (TO) :$bPriuli & Verlucca$9(OLS)http://semarc/publisher/39281 LEADER 00896nam a2200217 i 4500 001 000000184585 003 CaOOAMICUS 005 20100113000000.0 008 100113s1910 gw u000 u ger u 013 $a162567 040 $aSeMil$bita 245 14$aDie Feste des Herrn /$cdurchgesehen von P. Johannes Baptist Lampert. 250 $a5. Aufl. 260 $aFreiburg im Breisgau :$bHerder,$c1910. 300 $ax, 855 p. ;$c24 cm. 700 1 $aLampert, Johannes Baptist.$0(OLS)http://semarc/name/67813 773 0 $tBibliothek für Prediger.$dInnsbruck : Pfaundler : [dal 1888]... Freiburg im Breisgau : Herder, 1871.$gBd.5$w()22729 850 $aSeMil 852 $aSeMil$W1$xVenegono$y1$m3F IV 438$j135281$B135281$CSeMilBibl$Z2$F146848 $81 996 $6245$aDie Feste des Herrn$9(OLS)http://semarc/title/264995 996 $6260$aFreiburg im Breisgau :$bHerder$9(OLS)http://semarc/publisher/29728 LEADER 00998nam a2200265 i 4500 001 000000100230 003 CaOOAMICUS 005 20171009000000.0 008 171009s2008 it u000 u ita u 013 $a72382 020 $a978-88-7887-127-4 040 $aSeMil$bita 100 1 $aMojetta, Angelo.$0(OLS)http://semarc/name/92658 245 10$aBiologia /$cAngelo Mojetta. 260 $aMilano :$bVallardi,$c2008. 300 $a319 p. :$bill. ;$c19 cm. 490 0 $aSuperSintesi : per chi vuole imparare in fretta e bene 650 4$aBiologia.$0(OLS)http://semarc/subject/3115 830 0$aSuperSintesi.$0(OLS)http://semarc/title/406633 850 $aSeMil 852 $aSeMil$W1$xVenegono$y1$m3X II 44$j57419$B57419$CSeMilBibl$Z2$F67741 $81 961 $aOmaggio: Delpini mons. Mario 996 $6020$a978-88-7887-127-4$9(OLS)http://semarc/number/272461 996 $6245$aBiologia$9(OLS)http://semarc/title/406632 996 $6260$aMilano :$bVallardi$9(OLS)http://semarc/publisher/30148 LEADER 00568naa a2200145 i 4500 001 000000299186 003 CaOOAMICUS 005 20180831172638.0 008 180831n xx u000 u und u 013 $a6824 040 $aSeMil$bita 100 1 $aGazzini, Marina.$0(OLS)http://semarc/name/86023 245 14$aIl "consortium Spiritus Sancti" in Emilia fra Due e Trecento. 773 0 $tBuon fedele.$dVerona : Cierre, 1998.$kQuaderni di storia religiosa$z88-8314-004-4$w()71153 996 $6245$aIl "consortium Spiritus Sancti" in Emilia fra Due e Trecento$9(OLS)http://semarc/title/375208